000 00443cam a2200169ua 4500
001 14751
008 120326n2008 II |||gr||||Z||||||eng
040 _aMAIN
041 _aEnglish
082 _a581.634 VAR
100 _aVARDHANA, DR. RASTRA.
245 _aENCYCLOPAEDIC DICTIONARY OF MEDICINAL AND ECONOMIC PLANTS (VOL-I)
260 _aNEW DELHI
_bCAMPUS BOOKS
_c2008
300 _a362:
_c22CM.
653 _aMedicinal Plants
942 _cBK
999 _c14636
_d14636